000 00965cam a22003132a 4500
001 75491
003 BD-RjUL
005 20211209082711.0
008 190418s19661974enka 001 0 eng d
020 _a0471062103 (hbk.)
035 _a(BD-RjUL)75709
040 _aDLC
_cDLC
_dUKM
_dEQO
_beng
041 _aeng
082 _a003.5011
_223
_bBED 1974
092 _aD0501926883
100 1 _aBeer, Stafford.
_9230693
245 1 0 _aDecision and control :
_bthe meaning of operational research and management cybernetics.
260 _aLondon ;
_aNew York :
_bWiley,
_c1966.[1974]
300 _axii, 556 p. :
_bill. ;
_c24 cm.
500 _aIncludes index.
650 0 _aOperations research.
_9230694
650 0 _aCybernetics.
_9230695
942 _2ddc
_cBK
999 _c75491
_d75491